Star Wars Characters By Letter - H - Statistics

General Stats
  • This quiz has been taken 92 times
  • The average score is 4 of 6
Answer Stats
Picture Answer % Correct
Han Solo
100%
Hera Syndulla
86%
Hondo Ohnaka
83%
Hunter
71%
Haja Estree
25%
Hamato Xiono
20%
No matching quizzes found
Score Distribution
Percent of People with Each Score
Percentile by Number Answered
Your Score History
You have not taken this quiz